Derecho administrativo mexicano

Bibliographic Details
Main Author: Nava Negrete, Alfonso
Format: eBook
Language:Spanish
Published: Mx̌ico D.F.: Fondo de Cultura Econm̤ica, 2007
Subjects:
Online Access:Acceso restringido

MARC

LEADER 00000nam a22000007a 4500
005 20150731140015.0
007 cr|||| ||||
008 150731s2007 mx |||||s|||| 00||0 spa d
035 |a 12787 
040 |a 978-968-16-8518-8 
090 |c 5490  |d 5490 
100 1 |a Nava Negrete, Alfonso  
245 1 0 |a Derecho administrativo mexicano  |h [Recurso electrn̤ico] /  |c Alfonso Nava Negrete 
256 |a Servicio en ln̕ea 
260 |a Mx̌ico D.F.:  |b Fondo de Cultura Econm̤ica,  |c 2007 
300 |a 1 recurso electrn̤ico 
506 1 |a Contenido disponible en los recursos indicados  |d vLex Global  |d vLex Global (Academic Edition, excluding Law Schools)  |d vLex Global (U.S. Academic Edition, Law Schools)  |d vLex Global (U.S. Academic Edition, excluding Law Schools)  |d vLex Global (Academic Edition, Law Schools) 
650 0 4 |a Derecho administrativo  |z Mx̌ico 
740 0 |a vLex Libros (Servicio en ln̕ea) 
856 4 0 |u http://vlex.com/source/derecho-administrativo-mexicano-12787  |z Acceso restringido 
942 |c BOOK 
999 0 |a Administrative law